000 00574nam a2200193Ia 4500
005 20250326140247.0
008 250326s9999 xx 000 0 und d
020 _a0-13-245101-8
037 _aTextbook
040 _aFMSL
_beng
_cFMSL
041 _aeng
_2eng
084 _aX:75 M8;1
_qFMSL
100 _aRandolph W A
245 0 _aEffective project planning & management: getting the job donw
_cRandolph W A; Posner B Z
260 _aNew Jersey
_bNew Jersey, Prentice-Hall
_c1988
300 _a163p
942 _cTB
_hX:75 M8;1
999 _c1284990
_d1284990